<?xml version="1.0" encoding="UTF-8"?>
<record
    xmlns:xsi="http://www.w3.org/2001/XMLSchema-instance"
    xsi:schemaLocation="http://www.loc.gov/MARC21/slim http://www.loc.gov/standards/marcxml/schema/MARC21slim.xsd"
    xmlns="http://www.loc.gov/MARC21/slim">

  <leader>00513nam a22001337a 4500</leader>
  <controlfield tag="008">150515b        xxu||||| |||| 00| 0 eng d</controlfield>
  <datafield tag="082" ind1=" " ind2=" ">
    <subfield code="a">708</subfield>
    <subfield code="b">B 548j</subfield>
  </datafield>
  <datafield tag="100" ind1=" " ind2=" ">
    <subfield code="a">Bertrand, Jean-Pierre </subfield>
    <subfield code="9">2651</subfield>
  </datafield>
  <datafield tag="245" ind1=" " ind2=" ">
    <subfield code="a">Jean-Pierre Bertrand</subfield>
    <subfield code="b">IIII Tri III Murs</subfield>
    <subfield code="c">Bertrand, Jean-Pierre </subfield>
  </datafield>
  <datafield tag="260" ind1=" " ind2=" ">
    <subfield code="a">Paris </subfield>
    <subfield code="b">Galerie de France</subfield>
    <subfield code="c">1988</subfield>
  </datafield>
  <datafield tag="300" ind1=" " ind2=" ">
    <subfield code="a">55 p.</subfield>
    <subfield code="b">ill. (col)</subfield>
    <subfield code="c">27x30 cm</subfield>
  </datafield>
  <datafield tag="650" ind1=" " ind2=" ">
    <subfield code="x">Bertrand, Jean-Pierre-1937--Exhibiciones</subfield>
    <subfield code="x">Par&#xED;s-Exhibiciones-1988</subfield>
    <subfield code="x">Arte moderno</subfield>
    <subfield code="y">9 set-8 oct 1988</subfield>
    <subfield code="9">2652</subfield>
  </datafield>
  <datafield tag="700" ind1=" " ind2=" ">
    <subfield code="a">Jean-Pierre Bertrand</subfield>
    <subfield code="9">2653</subfield>
  </datafield>
  <datafield tag="999" ind1=" " ind2=" ">
    <subfield code="c">591</subfield>
    <subfield code="d">591</subfield>
  </datafield>
  <datafield tag="952" ind1=" " ind2=" ">
    <subfield code="0">0</subfield>
    <subfield code="1">0</subfield>
    <subfield code="2">ddc</subfield>
    <subfield code="4">0</subfield>
    <subfield code="7">0</subfield>
    <subfield code="a">LV</subfield>
    <subfield code="b">LV</subfield>
    <subfield code="c">Monograf&#xED;as</subfield>
    <subfield code="d">2015-05-15</subfield>
    <subfield code="l">0</subfield>
    <subfield code="o">708 B 548j</subfield>
    <subfield code="p">000614</subfield>
    <subfield code="r">2015-05-15 00:00:00</subfield>
    <subfield code="w">2015-05-15</subfield>
    <subfield code="y">01</subfield>
  </datafield>
</record>
